Paroles - L'Encre de tes yeux, Francis Cabrel - Statistiques

Statistiques générales
  • Ce quiz a été pris 571 fois
  • Le résultat moyen est 132 sur 169
Statistiques - réponses
Paroles % Correct
de
98%
le
98%
yeux
97%
l'encre
96%
te
96%
à
95%
À
95%
tes
95%
Je
93%
la
93%
l'a
93%
pu
90%
les
89%
ce
88%
me
88%
tout
88%
Tout
88%
j'ai
87%
l'ai
87%
que
87%
écrire
85%
pour
83%
se
83%
dire
82%
Même
82%
même
82%
ne
82%
puisé
82%
si
82%
des
81%
et
80%
Et
80%
tu
80%
Tu
80%
quand
79%
est
78%
jamais
77%
77%
eux
76%
deux
75%
morale
75%
parle
75%
qui
75%
sont
74%
C'est
73%
J'aimerais
73%
Puisqu'on
73%
puisqu'on
73%
ton
73%
nombreux
72%
vivra
72%
On
71%
pas
71%
trop
71%
fous,
70%
Puisqu'ils
70%
seuls
70%
J'en
69%
vouloir
69%
chaînes
68%
miennes
68%
dicté
67%
oubliais
67%
sourire
66%
n'avais
65%
portais
65%
regarder
65%
vu
65%
liberté
63%
mes
62%
du
60%
rêvait
60%
soleil
60%
lève
59%
toujours
59%
Venise
57%
dans
56%
regrets
55%
longtemps
54%
parfum
54%
Aura
53%
ça
53%
Mais
53%
côté
52%
j'arrive
50%
rêves
50%
t'oublier
49%
malgré
45%
marcher
45%
viendras
44%
Aucun quiz correspondant
Distribution des résultats
% des personnes avec chaque résultat
Percentile par nombre de réponses
Votre historique - résultats
Vous n’avez pas pris ce quiz